000 00299nam a22001337a 4500
008 180828b xxu||||| |||| 00| 0 eng d
020 _a9780073222967
041 _aeng
080 _26 ED
_a330.101262
100 _a52
101 _aMIK
245 _aMICROECONOMICS
_cCOLANDER.DC
942 _2udc
_cBK
999 _c47364
_d47364